[Event "Pilsen Region-chT 2223"]
[Site "Czech Republic"]
[Date "2023.04.02"]
[Round "11.7"]
[White "Altman, Pavel"]
[Black "Kvapil, Vladislav"]
[Result "1-0"]
[WhiteElo "1743"]
[BlackElo "1837"]
[PlyCount "133"]
[EventDate "2022.10.09"]
[EventType "team-tourn"]
[EventRounds "11"]
[EventCountry "CZE"]
[SourceTitle "EXT 2024"]
[Source "ChessBase"]
[SourceDate "2023.10.10"]
[SourceVersion "1"]
[SourceVersionDate "2023.10.10"]
[SourceQuality "1"]
[WhiteTeam "Plzen Kosutka"]
[BlackTeam "Kozolupy Sakal"]
[WhiteTeamCountry "CZE"]
[BlackTeamCountry "CZE"]

1. b3 e5 2. Bb2 Nc6 3. e3 d5 4. Bb5 Bd6 5. Nf3 Qe7 6. c4 Nf6 7. c5 Bxc5 8. Nxe5 Bd7 9. Nxd7 Qxd7 10. Bxf6 gxf6 11. d4 Bb4+ 12. Nd2 Rg8 13. g3 Qh3 14. Qf3 0-0-0 15. Bxc6 bxc6 16. a3 Bxd2+ 17. Kxd2 Qe6 18. b4 f5 19. Qd1 Qe4 20. Rc1 Rd6 21. Qa4 Rgg6 22. Qxa7 f4 23. Qa6+ Kd7 24. Qd3 fxe3+ 25. Qxe3 Qf5 26. f4 Rde6 27. Qd3 Re4 28. Rce1 Rge6 29. Rxe4 dxe4 30. Qe3 Qd5 31. Kc3 Qa2 32. Qc1 e3 33. Qb2 Qd5 34. Re1 Rd6 35. Kd3 Re6 36. Rxe3 Qb5+ 37. Kd2 Qf1 38. Rxe6 fxe6 39. Ke3 Qe1+ 40. Kf3 Qh1+ 41. Kg4 Qe4 42. Qd2 Qf5+ 43. Kf3 Qd5+ 44. Kf2 Qh1 45. Ke3 Qg1+ 46. Kd3 Qf1+ 47. Kc3 Qa1+ 48. Kb3 Qb1+ 49. Ka4 Qf1 50. Qc3 Qb5+ 51. Kb3 Qd5+ 52. Kb2 Qg2+ 53. Qc2 Qg1 54. Qxh7+ Kd6 55. Qc2 Qe1 56. b5 cxb5 57. Qc5+ Kd7 58. Qxb5+ Kd8 59. Qd3 Qa5 60. h4 Qd5 61. a4 c5 62. Kc3 Qa2 63. dxc5+ Kc7 64. Kb4 Qb2+ 65. Ka5 Kb7 66. c6+ Ka7 67. Qd7+ 1-0

[Event "Pilsen Region-chT 2223"]
[Site "Czech Republic"]
[Date "2023.01.29"]
[Round "7.5"]
[White "Altman, Pavel"]
[Black "Cvikl, Michal"]
[Result "1/2-1/2"]
[WhiteElo "1743"]
[BlackElo "1997"]
[PlyCount "47"]
[EventDate "2022.10.09"]
[EventType "team-tourn"]
[EventRounds "11"]
[EventCountry "CZE"]
[SourceTitle "EXT 2024"]
[Source "ChessBase"]
[SourceDate "2023.10.10"]
[SourceVersion "1"]
[SourceVersionDate "2023.10.10"]
[SourceQuality "1"]
[WhiteTeam "Plzen Kosutka"]
[BlackTeam "Line III"]
[WhiteTeamCountry "CZE"]
[BlackTeamCountry "CZE"]

1. b3 e5 2. Bb2 Nc6 3. e3 a6 4. Nc3 Nf6 5. Nge2 Be7 6. d4 exd4 7. Nxd4 Nxd4 8. Qxd4 c5 9. Qd2 Qc7 10. Be2 b5 11. Bf3 Bb7 12. Nd5 Nxd5 13. Bxd5 Bxd5 14. Qxd5 Qc6 15. Qxc6 dxc6 16. Rd1 f6 17. Ke2 Rd8 18. Rd2 Rxd2+ 19. Kxd2 Kf7 20. Rd1 Rd8+ 21. Ke2 Rxd1 22. Kxd1 Ke6 23. Ke2 g6 24. f3 1/2-1/2

[Event "Pilsen Region-chT 2223"]
[Site "Czech Republic"]
[Date "2022.11.27"]
[Round "4.4"]
[White "Altman, Pavel"]
[Black "Novotny, Jaromir"]
[Result "1/2-1/2"]
[WhiteElo "1743"]
[BlackElo "1722"]
[PlyCount "28"]
[EventDate "2022.10.09"]
[EventType "team-tourn"]
[EventRounds "11"]
[EventCountry "CZE"]
[SourceTitle "EXT 2024"]
[Source "ChessBase"]
[SourceDate "2023.10.10"]
[SourceVersion "1"]
[SourceVersionDate "2023.10.10"]
[SourceQuality "1"]
[WhiteTeam "Plzen Kosutka"]
[BlackTeam "Loko"]
[WhiteTeamCountry "CZE"]
[BlackTeamCountry "CZE"]

1. f4 d5 2. Nf3 Nc6 3. e3 Bg4 4. Be2 Bxf3 5. Bxf3 e5 6. fxe5 Nxe5 7. 0-0 c6 8. b3 Ne7 9. Bb2 N7g6 10. Nc3 Bd6 11. Ne2 Nxf3+ 12. Rxf3 Be5 13. c3 Qc7 14. g3 0-0 1/2-1/2

[Event "Pilsen Region-chT 2223"]
[Site "Czech Republic"]
[Date "2022.11.13"]
[Round "3.6"]
[White "Vacha, Jaroslav"]
[Black "Altman, Pavel"]
[Result "1-0"]
[WhiteElo "1939"]
[BlackElo "1743"]
[PlyCount "73"]
[EventDate "2022.10.09"]
[EventType "team-tourn"]
[EventRounds "11"]
[EventCountry "CZE"]
[SourceTitle "EXT 2024"]
[Source "ChessBase"]
[SourceDate "2023.10.10"]
[SourceVersion "1"]
[SourceVersionDate "2023.10.10"]
[SourceQuality "1"]
[WhiteTeam "Tachov"]
[BlackTeam "Plzen Kosutka"]
[WhiteTeamCountry "CZE"]
[BlackTeamCountry "CZE"]

1. e4 c5 2. Nf3 Nc6 3. d4 cxd4 4. Nxd4 e5 5. Nb3 Nf6 6. Bg5 Be7 7. Bxf6 Bxf6 8. Bc4 0-0 9. Nc3 a6 10. a4 d6 11. 0-0 Be7 12. Nd5 Be6 13. c3 a5 14. Qd3 Bxd5 15. Bxd5 Qb6 16. Nd2 Rab8 17. Nc4 Qc7 18. Qg3 Bf6 19. Ne3 Ne7 20. Rad1 b5 21. h4 h5 22. axb5 Rxb5 23. Rd2 Rfb8 24. Nd1 a4 25. f4 Nxd5 26. exd5 exf4 27. Qxf4 Be5 28. Qxa4 Qc5+ 29. Kh1 g6 30. Qe4 R8b7 31. Rf3 Re7 32. Qd3 Bg7 33. Nf2 Re1+ 34. Kh2 Ra5 35. b4 Qxc3 36. bxa5 Qc1 37. Rd1 1-0